000 00599nam a22002177a 4500
003 UA-OsUOA
001 44152
007 ta
008 20070208b un ||||| |||| 00| 0 ukr d
100 _aПанченко В.
090 _a82
_bП-11
942 _cSA
040 _aUA-OsUOA
_bukr
_cUA-OsUOA
_dUA-OsUOA
245 _aВипадок Мазепи. Славетний гетьман очима Гоголя й Шевченка
300 _aС.7
955 _a0
041 _aukr
080 _a82
773 0 _w44150
650 7 _a82 Література. Літературознавство
_2UDC
999 _c330268
_d330268